<?xml version="1.0" encoding="UTF-8"?>
<record
    xmlns:xsi="http://www.w3.org/2001/XMLSchema-instance"
    xsi:schemaLocation="http://www.loc.gov/MARC21/slim http://www.loc.gov/standards/marcxml/schema/MARC21slim.xsd"
    xmlns="http://www.loc.gov/MARC21/slim">

  <leader>00740nam a22002171i 4500</leader>
  <controlfield tag="005">20210908123007.0</controlfield>
  <controlfield tag="008">210908s2020    caua|||j  ||| 000 1 eng d</controlfield>
  <datafield tag="020" ind1=" " ind2=" ">
    <subfield code="a">9781839030475</subfield>
    <subfield code="c">RM 69.30</subfield>
    <subfield code="q">hardback</subfield>
  </datafield>
  <datafield tag="040" ind1=" " ind2=" ">
    <subfield code="a">PPAK</subfield>
    <subfield code="b">eng</subfield>
    <subfield code="c">PPAK</subfield>
    <subfield code="e">rda</subfield>
  </datafield>
  <datafield tag="082" ind1="0" ind2="4">
    <subfield code="2">23</subfield>
    <subfield code="a">813.6</subfield>
  </datafield>
  <datafield tag="090" ind1="0" ind2="0">
    <subfield code="a">813.6</subfield>
    <subfield code="b">PIX</subfield>
    <subfield code="d">K</subfield>
  </datafield>
  <datafield tag="245" ind1="0" ind2="0">
    <subfield code="a">PIXAR  MINUTE Stories :</subfield>
    <subfield code="b">A COOLECTION OF 12 FANTASTIC STORIES!</subfield>
  </datafield>
  <datafield tag="264" ind1=" " ind2="1">
    <subfield code="a">Cottage Farm, Sywell :</subfield>
    <subfield code="b">Autumn Publishing ,</subfield>
    <subfield code="c">2020</subfield>
  </datafield>
  <datafield tag="300" ind1=" " ind2=" ">
    <subfield code="a">187 pages :</subfield>
    <subfield code="b">colour illustrations ;</subfield>
    <subfield code="c">25 cm.</subfield>
  </datafield>
  <datafield tag="336" ind1=" " ind2=" ">
    <subfield code="2">rdacontent</subfield>
    <subfield code="a">text</subfield>
    <subfield code="a">still images</subfield>
  </datafield>
  <datafield tag="337" ind1=" " ind2=" ">
    <subfield code="2">rdamedia</subfield>
    <subfield code="a">unmediated</subfield>
  </datafield>
  <datafield tag="338" ind1=" " ind2=" ">
    <subfield code="2">rdacarrier</subfield>
    <subfield code="a">volume</subfield>
  </datafield>
  <datafield tag="650" ind1="1" ind2="0">
    <subfield code="a">Children's stories, American </subfield>
    <subfield code="v">Juvenile fiction.</subfield>
  </datafield>
  <datafield tag="650" ind1="2" ind2="0">
    <subfield code="a">Children's stories, American.</subfield>
  </datafield>
  <datafield tag="942" ind1=" " ind2=" ">
    <subfield code="2">ddc</subfield>
    <subfield code="c">B</subfield>
  </datafield>
  <datafield tag="999" ind1=" " ind2=" ">
    <subfield code="c">184865</subfield>
    <subfield code="d">184865</subfield>
  </datafield>
  <datafield tag="952" ind1=" " ind2=" ">
    <subfield code="0">0</subfield>
    <subfield code="7">0</subfield>
    <subfield code="b">PPAK</subfield>
    <subfield code="c">K</subfield>
    <subfield code="d">2021-10-13</subfield>
    <subfield code="l">18</subfield>
    <subfield code="m">3</subfield>
    <subfield code="o">K 813.6 PIX</subfield>
    <subfield code="p">A01707248</subfield>
    <subfield code="r">2025-06-21 07:39:06</subfield>
    <subfield code="s">2025-06-01</subfield>
    <subfield code="y">B</subfield>
  </datafield>
  <datafield tag="952" ind1=" " ind2=" ">
    <subfield code="0">0</subfield>
    <subfield code="7">0</subfield>
    <subfield code="b">SP</subfield>
    <subfield code="c">K</subfield>
    <subfield code="d">2021-10-13</subfield>
    <subfield code="l">16</subfield>
    <subfield code="o">K 813.6 PIX</subfield>
    <subfield code="p">A01707249</subfield>
    <subfield code="r">2026-06-15 15:16:13</subfield>
    <subfield code="s">2026-05-26</subfield>
    <subfield code="y">B</subfield>
  </datafield>
  <datafield tag="952" ind1=" " ind2=" ">
    <subfield code="0">0</subfield>
    <subfield code="7">0</subfield>
    <subfield code="b">JT</subfield>
    <subfield code="c">K</subfield>
    <subfield code="d">2021-10-13</subfield>
    <subfield code="l">5</subfield>
    <subfield code="m">2</subfield>
    <subfield code="o">K 813.6 PIX</subfield>
    <subfield code="p">A01707250</subfield>
    <subfield code="r">2025-02-26 15:43:44</subfield>
    <subfield code="s">2025-01-28</subfield>
    <subfield code="y">B</subfield>
  </datafield>
  <datafield tag="952" ind1=" " ind2=" ">
    <subfield code="0">0</subfield>
    <subfield code="7">0</subfield>
    <subfield code="b">KM</subfield>
    <subfield code="c">K</subfield>
    <subfield code="d">2021-10-13</subfield>
    <subfield code="l">14</subfield>
    <subfield code="m">5</subfield>
    <subfield code="o">K 813.6 PIX</subfield>
    <subfield code="p">A01707252</subfield>
    <subfield code="r">2025-05-10 10:50:35</subfield>
    <subfield code="s">2025-05-07</subfield>
    <subfield code="y">B</subfield>
  </datafield>
  <datafield tag="952" ind1=" " ind2=" ">
    <subfield code="0">0</subfield>
    <subfield code="7">0</subfield>
    <subfield code="b">BL</subfield>
    <subfield code="c">K</subfield>
    <subfield code="d">2021-10-13</subfield>
    <subfield code="l">5</subfield>
    <subfield code="m">3</subfield>
    <subfield code="o">K 813.6 PIX</subfield>
    <subfield code="p">A01707253</subfield>
    <subfield code="r">2025-09-14 11:29:15</subfield>
    <subfield code="s">2025-08-24</subfield>
    <subfield code="y">B</subfield>
  </datafield>
  <datafield tag="952" ind1=" " ind2=" ">
    <subfield code="0">0</subfield>
    <subfield code="7">0</subfield>
    <subfield code="b">BB</subfield>
    <subfield code="c">K</subfield>
    <subfield code="d">2021-10-13</subfield>
    <subfield code="l">1</subfield>
    <subfield code="o">K 813.6 PIX</subfield>
    <subfield code="p">A01707254</subfield>
    <subfield code="r">2023-04-09 00:00:00</subfield>
    <subfield code="s">2023-03-29</subfield>
    <subfield code="y">B</subfield>
  </datafield>
</record>
